Nueva estructuración del Ministerio de Agricultura : (Registro nro. 22113)

Detalles MARC
000 -Cabecera
Campo de control interno 00588nam a22002177a 4500
005 - Fecha y hora del registro
control field 20260323142414.0
008 - Elementos de Longitud Fija
fixed length control field 260323b |||||||| |||| 00| 0 spa d
041 ## - Idioma
Codigo Idioma ESP
082 ## - DEWEY y NOTACIÓN INTERNA
Dewey 354.5
Notación Interna M61
100 ## - AUTOR
Autor denominación ,
110 ## - AUTOR INSTTITUCIONAL
Autor Institucional Ministerio de Agricultura
245 ## - TÍTULO DE MATERIAL BIBLIOGRÁFICO
Título Nueva estructuración del Ministerio de Agricultura :
Título paralelo plan de trabajo y proyecto de presupuesto para el año 1948
260 ## - CIUDAD, EDITORIAL, AÑO
Ciudad :
Nombre de la Editorial ,
Año 1947
300 ## - DESCRIPCIÓN
N° Páginas vii, 290 páginas;, 2 h
Otros detalles ;
Dimensiones 31 cm.
440 ## - MENCIÓN DE SERIE
Título de la Serie ;
650 ## - TEMAS
Temas Educación
654 ## - PROGRAMAS
Programa Dpto. de Humanidades
700 ## - OTROS AUTORES
Otros autores ;
942 ## - ELEMENTOS DE KOHA
Tipo de documento Libro
Nombre del creador Justo Noguera
Código de catalogador Justo Noguera
Esquema de clasificación Dewey Decimal Classification
Existencias
Codigo completo Registro Colección Copia número Disponibilidad Tipo de préstamo Biblioteca Actual Procedencia (Biblioteca) Ubicacón Fecha Ingreso Tipo de Adquisición Date last seen Total checkouts Price effective from Tipo de Item Estado del Material Fuente de Clasificación Damaged status Withdrawn status
354.5 M61 1054945 Universidad Católica San Pablo 1 Disponible Disponible Víctor Andrés Belaunde Víctor Andrés Belaunde Primer piso 23/03/2026 Compra 23/03/2026   23/03/2026 Libro Bueno Dewey Decimal Classification